Sterben von eigener Hand: Selbsttötung als kulturelle Praxis
| Contributors: | ; |
|---|---|
| Format: | Print Book |
| Language: | German English |
| Subito Delivery Service: | Order now. |
| Check availability: | HBZ Gateway |
| WorldCat: | WorldCat |
| Interlibrary Loan: | Interlibrary Loan for the Fachinformationsdienste (Specialized Information Services in Germany) |
| Published: |
Köln Weimar Wien
Böhlau
2005
|
| In: | Year: 2005 |
| Standardized Subjects / Keyword chains: | B
Suicide
/ Historical anthropology
B Suicide / Comparison of cultures |
| Further subjects: | B
Suicide
Moral and ethical aspects
B Suicide Congresses B Suicide B Conference program 2002 (Erfurt) |
| Online Access: |
Table of Contents |
MARC
| LEADER | 00000cam a2200000 c 4500 | ||
|---|---|---|---|
| 001 | 489220185 | ||
| 003 | DE-627 | ||
| 005 | 20251223210150.0 | ||
| 007 | tu | ||
| 008 | 050615s2005 gw ||||| 00| ||ger c | ||
| 015 | |a 05,N27,0231 |2 dnb | ||
| 016 | 7 | |a 975245848 |2 DE-101 | |
| 020 | |a 9783412184056 |9 978-3-412-18405-6 | ||
| 020 | |a 3412184055 |9 3-412-18405-5 | ||
| 024 | 3 | |a 9783412184056 | |
| 035 | |a (DE-627)489220185 | ||
| 035 | |a (DE-576)118308432 | ||
| 035 | |a (DE-599)GBV489220185 | ||
| 035 | |a (OCoLC)238681660 | ||
| 035 | |a (AT-OBV)AC04643562 | ||
| 040 | |a DE-627 |b ger |c DE-627 |e rakwb | ||
| 041 | |a ger |a eng | ||
| 044 | |c XA-DE |c XA-AT | ||
| 050 | 0 | |a HV6545 | |
| 082 | 0 | |a 150 | |
| 082 | 0 | 4 | |a 300 |
| 082 | 0 | 4 | |a 150 |
| 084 | |a 5,2 |2 ssgn | ||
| 084 | |a 5,2 |a 1 |2 ssgn | ||
| 084 | |a CW 6920 |q BVB |2 rvk |0 (DE-625)rvk/19199: | ||
| 084 | |a LC 31000 |q BVB |2 rvk |0 (DE-625)rvk/90641:772 | ||
| 084 | |a MS 9400 |q BVB |2 rvk |0 (DE-625)rvk/123835: | ||
| 084 | |a LB 60000 |q BVB |2 rvk |0 (DE-625)rvk/90577:772 | ||
| 084 | |a CC 8200 |q BVB |2 rvk |0 (DE-625)rvk/17701: | ||
| 084 | |a LB 43880 |q BVB |2 rvk |0 (DE-625)rvk/90558: | ||
| 084 | |a MS 6410 |2 rvk |0 (DE-625)rvk/123754: | ||
| 084 | |a XB 5600 |2 rvk |0 (DE-625)rvk/152481:12905 | ||
| 084 | |a XC 2824 |2 rvk |0 (DE-625)rvk/152507:12930 | ||
| 084 | |a 15.07 |2 bkl | ||
| 084 | |a 77.70 |2 bkl | ||
| 084 | |a 73.91 |2 bkl | ||
| 084 | |a 02.99 |2 bkl | ||
| 084 | |a 02.13 |2 bkl | ||
| 090 | |a a | ||
| 245 | 0 | 0 | |a Sterben von eigener Hand |b Selbsttötung als kulturelle Praxis |c Andreas Bähr; Hans Medick (Hg.) |
| 264 | 1 | |a Köln |a Weimar |a Wien |b Böhlau |c 2005 | |
| 300 | |a IX, 374 S. |b Ill., graph. Darst. | ||
| 336 | |a Text |b txt |2 rdacontent | ||
| 337 | |a ohne Hilfsmittel zu benutzen |b n |2 rdamedia | ||
| 338 | |a Band |b nc |2 rdacarrier | ||
| 546 | |a Beitr. teilw. dt., teilw. engl. | ||
| 650 | 0 | |a Suicide |2 DE-289 | |
| 650 | 0 | |a Suicide |x Moral and ethical aspects |2 DE-289 | |
| 650 | 4 | |a Suicide |x Congresses | |
| 655 | 7 | |a Konferenzschrift |y 2002 |z Erfurt |0 (DE-588)1071861417 |0 (DE-627)826484824 |0 (DE-576)433375485 |2 gnd-content | |
| 689 | 0 | 0 | |d s |0 (DE-588)4054423-0 |0 (DE-627)106162845 |0 (DE-576)209108606 |2 gnd |a Suizid |
| 689 | 0 | 1 | |d s |0 (DE-588)4159999-8 |0 (DE-627)105481025 |0 (DE-576)209854499 |2 gnd |a Historische Anthropologie |
| 689 | 0 | |5 DE-101 | |
| 689 | 1 | 0 | |d s |0 (DE-588)4054423-0 |0 (DE-627)106162845 |0 (DE-576)209108606 |2 gnd |a Suizid |
| 689 | 1 | 1 | |d s |0 (DE-588)4114328-0 |0 (DE-627)10582299X |0 (DE-576)209483687 |2 gnd |a Kulturvergleich |
| 689 | 1 | |5 DE-101 | |
| 700 | 1 | |e Hrsg. |0 (DE-588)1034876325 |0 (DE-627)746439318 |0 (DE-576)382492188 |4 edt |a Bähr, Andreas |d 1968- | |
| 700 | 1 | |0 (DE-588)120489589 |0 (DE-627)08070736X |0 (DE-576)162181809 |4 oth |a Medick, Hans |d 1939- | |
| 856 | 4 | 2 | |u https://swbplus.bsz-bw.de/bsz118308432inh.htm |m V:DE-576 |v 2008-07-14 |3 Inhaltsverzeichnis |7 1 |
| 935 | |a mteo | ||
| 935 | |i sf | ||
| 935 | |i Blocktest | ||
| 936 | r | v | |a CW 6920 |b Suizid (Ursachen, Gefährdete, Verhütung ...) |k Psychologie |k Angewandte Psychologie |k Suizid (Ursachen, Gefährdete, Verhütung ...) |0 (DE-627)127155660X |0 (DE-625)rvk/19199: |0 (DE-576)20155660X |
| 936 | r | v | |a LC 31000 |b Darstellung ohne geografischen Bezug |k Sozial- und Kulturanthropologie. Empirische Kulturwissenschaft |k Religionsethnologie |k Totenrituale und Jenseitsvorstellungen |k Darstellung ohne geografischen Bezug |0 (DE-627)1270879103 |0 (DE-625)rvk/90641:772 |0 (DE-576)200879103 |
| 936 | r | v | |a MS 9400 |b Übergreifende Werke der vergleichenden Sozial- bzw. Kultur-Anthropologie |k Soziologie |k Spezielle Soziologien |k Sozial- bzw. Kultur-Anthropologie |k Übergreifende Werke der vergleichenden Sozial- bzw. Kultur-Anthropologie |0 (DE-627)1271441969 |0 (DE-625)rvk/123835: |0 (DE-576)201441969 |
| 936 | r | v | |a LB 60000 |b Darstellung ohne geografischen Bezug |k Sozial- und Kulturanthropologie. Empirische Kulturwissenschaft |k Rituale und Bräuche |k Rituale und Bräuche im Lebenszyklus |k Darstellung ohne geografischen Bezug |0 (DE-627)127092169X |0 (DE-625)rvk/90577:772 |0 (DE-576)20092169X |
| 936 | r | v | |a CC 8200 |b Abhandlungen |k Philosophie |k Systematische Philosophie |k Geschichts- und Kulturphilosophie |k Abhandlungen |0 (DE-627)1270639277 |0 (DE-625)rvk/17701: |0 (DE-576)200639277 |
| 936 | r | v | |a LB 43880 |b Tod |k Sozial- und Kulturanthropologie. Empirische Kulturwissenschaft |k Soziale und politische Organisation und Praxis |k Lebenszyklus |k Tod |0 (DE-627)1343068630 |0 (DE-625)rvk/90558: |0 (DE-576)273068636 |
| 936 | r | v | |a MS 6410 |b Sucht, Selbstmord, Tabus, Alkoholismus |k Soziologie |k Spezielle Soziologien |k Soziale Probleme |k Sucht, Selbstmord, Tabus, Alkoholismus |0 (DE-627)1271141701 |0 (DE-625)rvk/123754: |0 (DE-576)201141701 |
| 936 | r | v | |a XB 5600 |b Allgemeines |k Medizin |k Geschichte der Medizin |k Spezielle Geschichte der Medizin, Geschichte einzelner medizin. Disziplinen |k Neurologie, Psychiatrie, Medizinische Psychologie, Kinderheilkunde |k Allgemeines |0 (DE-627)1270880519 |0 (DE-625)rvk/152481:12905 |0 (DE-576)200880519 |
| 936 | r | v | |a XC 2824 |b Im Kindesalter (bis zu 14 Jahren) |k Medizin |k Allgemeine Medizin, Krankenhauswesen, Krankenpflege |k Medizin und Geisteswissenschaften |k Arzt und Patient, Medizinische Ethik, Vivisektion |k A. Formalschlüssel |k Allgemeine Literatur zu einem Hauptgebiet |k Im Kindesalter (bis zu 14 Jahren) |0 (DE-627)1271794950 |0 (DE-625)rvk/152507:12930 |0 (DE-576)201794950 |
| 936 | b | k | |a 15.07 |j Kulturgeschichte |0 (DE-627)181569620 |
| 936 | b | k | |a 77.70 |j Klinische Psychologie |0 (DE-627)106413139 |
| 936 | b | k | |a 73.91 |j Brauchtum |0 (DE-627)181571285 |
| 936 | b | k | |a 02.99 |j Wissenschaft und Kultur allgemein: Sonstiges |0 (DE-627)106403249 |
| 936 | b | k | |a 02.13 |j Wissenschaftspraxis |0 (DE-627)106403230 |
| 951 | |a BO | ||
| ACO | |a 1 | ||
| ELC | |b 1 | ||
| ITA | |a 1 | ||
| LOK | |0 000 xxxxxcx a22 zn 4500 | ||
| LOK | |0 001 3217199677 | ||
| LOK | |0 003 DE-627 | ||
| LOK | |0 004 489220185 | ||
| LOK | |0 005 20100408110430 | ||
| LOK | |0 008 051018||||||||||||||||ger||||||| | ||
| LOK | |0 040 |a DE-21-31 |c DE-627 |d DE-21-31 | ||
| LOK | |0 541 |e 05/1033 | ||
| LOK | |0 852 |a DE-21-31 | ||
| LOK | |0 852 1 |c Yi I b 20 |m p |9 00 | ||
| LOK | |0 938 |k p | ||
| LOK | |0 938 |l E14 |8 0 | ||
| LOK | |0 939 |a 18-10-05 |b l01 | ||
| LOK | |0 000 xxxxxcx a22 zn 4500 | ||
| LOK | |0 001 3217199693 | ||
| LOK | |0 003 DE-627 | ||
| LOK | |0 004 489220185 | ||
| LOK | |0 005 20070411121605 | ||
| LOK | |0 008 070411||||||||||||||||ger||||||| | ||
| LOK | |0 040 |a DE-21-93 |c DE-627 |d DE-21-93 | ||
| LOK | |0 541 |e 05/212 | ||
| LOK | |0 852 |a DE-21-93 | ||
| LOK | |0 852 1 |c 25 A 119 |m p |9 00 | ||
| LOK | |0 935 |a k093 |a kneu | ||
| LOK | |0 938 |k p | ||
| LOK | |0 939 |a 11-04-07 |b l01 | ||
| ORI | |a SA-MARC-ixtheoa001.raw | ||
| REL | |a 1 | ||
| STA | 0 | 0 | |a Comparison of cultures,Culture,Intercultural comparison,Historical anthropology,Suicide,Suicide,Self-killing,Suicide in art |
| STB | 0 | 0 | |a Anthropologie historique,Suicide,Suicide,Études transculturelles,Cultures comparées,Cultures comparées |
| STC | 0 | 0 | |a Antropología histórica,Comparación intercultural,Suicidio,Suicidio |
| STD | 0 | 0 | |a Antropologia storica,Confronto interculturale,Suicidio,Suicidio |
| STE | 0 | 0 | |a 历史人类学,文化比较,自杀,自杀,自尽,自尽 |
| STF | 0 | 0 | |a 文化比較,歷史人類學,自殺,自殺,自盡,自盡 |
| STG | 0 | 0 | |a Antropologia histórica,Comparação intercultural,Suicídio,Suicídio |
| STH | 0 | 0 | |a Историческая антропология,Культурное сравнение,Самоубийство (мотив),Самоубийство |
| STI | 0 | 0 | |a Αυτοκτονία (μοτίβο),Αυτοκτονία,Διαπολιτισμική σύγκριση,Ιστορική ανθρωπολογία |
| SUB | |a REL | ||
| SYG | 0 | 0 | |a Selbstmord,Freitod,Selbsttötung , Geschichtliche Anthropologie , Selbstmord,Freitod,Selbsttötung , Interkultureller Vergleich,Cross-cultural Analysis,Interkultureller Vergleich,Cross-cultural Analysis |
| TIM | |a 100020020101_100020021231 |b 2002 - 2002 | ||



